Fundamentals of limnology and aquaculture biotechnology : (a treatise on the limnology and fisheries of the water bodies in Sounthern Assam, Mizoram and Tripura)

Bibliographic Details
Main Author: Kar, Devashish
Format: Book
Published: New Dehli : Daya Pub. House , 2007
Subjects:

MARC

LEADER 00000cam a2200000 7i4500
001 0000018561
005 20160117.0
008 080606
020 |a 8170354552 
090 0 0 |a 639.8   |b KAR 
100 1 |a Kar, Devashish 
245 1 0 |a Fundamentals of limnology and aquaculture biotechnology :   |b (a treatise on the limnology and fisheries of the water bodies in Sounthern Assam, Mizoram and Tripura)   |c Devashish Kar. 
260 |a New Dehli :   |b Daya Pub. House ,   |c 2007 
500 |a Include index 
504 |a Includes bibliographical references 
650 0 |a Aquaculture 
650 0 |a Limnology (Biology) 
999 |a 0001020346   |b Book   |c REFERENCE   |e Perbadanan Perpustakaan Awam Johor 
999 |a 0001025587   |b Book   |c REFERENCE   |e Perbadanan Perpustakaan Awam Johor